000 00480nam a2200181Ia 4500
001 21384
005 20260306172915.0
008 260306t2006||||xx |||||||||||||| ||spa||
041 _aESP
082 _a344.83
_bB91
100 _aBullard González, Alfredo
_eAUT
245 0 _aDerecho y economía:
_bel análisis económico de las instituciones legales
260 _c2006
300 _a1305 páginas :
_c24 cm.
650 _aGEN
654 _aCDE
942 _cLIB
_dJUS
_fJUS
_2ddc
_n
999 _c21384
_d21384